[Event "C10"]
[Site "?"]
[Date "2020.08.30"]
[Round "11.1"]
[White "Lecki, Leonard"]
[Black "Rozanski, Mateusz"]
[Result "1-0"]
[BlackElo "1343"]
[WhiteElo "1068"]
[LiveChessVersion "1.4.8"]

1. e4 {[%clk 0:03:03]} e5 {[%clk 0:03:03]} 2. Nf3 {[%clk 0:03:04]} Nc6
{[%clk 0:03:04]} 3. Bc4 {[%clk 0:03:05]} d6 {[%clk 0:03:05]} 4. d4
{[%clk 0:03:03]} exd4 {[%clk 0:03:05]} 5. Nxd4 {[%clk 0:03:03]} Bd7
{[%clk 0:03:03]} 6. O-O {[%clk 0:02:57]} Nf6 {[%clk 0:02:59]} 7. Nc3
{[%clk 0:02:55]} Be7 {[%clk 0:02:58]} 8. Re1 {[%clk 0:02:47]} O-O
{[%clk 0:02:55]} 9. Bb3 {[%clk 0:02:46]} b6 {[%clk 0:02:52]} 10. Bf4
{[%clk 0:02:34]} Re8 {[%clk 0:02:51]} 11. Nxc6 {[%clk 0:02:29]} Bxc6
{[%clk 0:02:50]} 12. Nd5 {[%clk 0:02:29]} Bxd5 {[%clk 0:02:39]} 13. exd5
{[%clk 0:02:27]} h6 {[%clk 0:02:37]} 14. Ba4 {[%clk 0:02:28]} Nd7
{[%clk 0:02:16]} 15. Bc6 {[%clk 0:02:26]} Rb8 {[%clk 0:02:16]} 16. Qg4
{[%clk 0:02:08]} Nf6 {[%clk 0:02:15]} 17. Qf3 {[%clk 0:02:05]} Nd7
{[%clk 0:01:54]} 18. Qa3 {[%clk 0:01:34]} Bf6 {[%clk 0:01:35]} 19. Qxa7
{[%clk 0:01:08]} Be5 {[%clk 0:01:01]} 20. Bxe5 {[%clk 0:00:43]} dxe5
{[%clk 0:01:00]} 21. a4 {[%clk 0:00:40]} Nc5 {[%clk 0:00:39]} 22. Bxe8
{[%clk 0:00:40]} Ra8 {[%clk 0:00:40]} 23. Qxa8 {[%clk 0:00:32]} Qxa8
{[%clk 0:00:40]} 24. Bc6 {[%clk 0:00:32]} Qd8 {[%clk 0:00:35]} 25. Rxe5
{[%clk 0:00:33]} Kh7 {[%clk 0:00:36]} 26. a5 {[%clk 0:00:29]} Qf6
{[%clk 0:00:29]} 27. Re8 {[%clk 0:00:16]} Qxb2 {[%clk 0:00:23]} 28. Ree1
{[%clk 0:00:12]} bxa5 {[%clk 0:00:23]} 29. Rxa5 {[%clk 0:00:11]} Qc3
{[%clk 0:00:23]} 30. Raa1 {[%clk 0:00:11]} Qxc2 {[%clk 0:00:18]} 31. Rac1
{[%clk 0:00:12]} Qd2 {[%clk 0:00:15]} 32. Red1 {[%clk 0:00:13]} Qa5
{[%clk 0:00:15]} 33. d6 {[%clk 0:00:08]} cxd6 {[%clk 0:00:16]} 34. Rxd6
{[%clk 0:00:09]} Qa3 {[%clk 0:00:14]} 35. Rdd1 {[%clk 0:00:07]} Nb3
{[%clk 0:00:13]} 36. Rb1 {[%clk 0:00:07]} Qa2 {[%clk 0:00:08]} 37. Bd5
{[%clk 0:00:07]} Qe2 {[%clk 0:00:06]} 38. Bxb3 {[%clk 0:00:08]} g6
{[%clk 0:00:07]} 39. Re1 {[%clk 0:00:09]} Qa6 {[%clk 0:00:07]} 40. Bd1
{[%clk 0:00:10]} Qd3 {[%clk 0:00:07]} 41. Bf3 {[%clk 0:00:10]} Qc3
{[%clk 0:00:08]} 42. Rbc1 {[%clk 0:00:11]} Qf6 {[%clk 0:00:08]} 43. Rc7
{[%clk 0:00:12]} h5 44. Rec1 {[%clk 0:00:10]} g5 {[%clk 0:00:06]} 45. Bxh5
{[%clk 0:00:11]} Kh6 {[%clk 0:00:05]} 46. Bf3 {[%clk 0:00:11]} Qf4
{[%clk 0:00:03]} 47. h3 {[%clk 0:00:11]} f6 {[%clk 0:00:05]} 48. R7c6
{[%clk 0:00:10]} Qf5 {[%clk 0:00:05]} 49. Bg4 {[%clk 0:00:10]} Qe5
{[%clk 0:00:06]} 50. Rb1 {[%clk 0:00:10]} Qe4 {[%clk 0:00:05]} 51. Rcc1
{[%clk 0:00:08]} Qf4 {[%clk 0:00:06]} 52. g3 {[%clk 0:00:07]} Qd6
{[%clk 0:00:07]} 53. Rd1 {[%clk 0:00:07]} Qe5 {[%clk 0:00:08]} 54. Re1
{[%clk 0:00:08]} Qc5 {[%clk 0:00:09]} 55. Re6 {[%clk 0:00:08]} Qd4
{[%clk 0:00:10]} 56. Rbb6 {[%clk 0:00:08]} Kg7 {[%clk 0:00:10]} 57. Rxf6
{[%clk 0:00:08]} Qa1+ {[%clk 0:00:10]} 58. Kh2 {[%clk 0:00:09]} Qxf6
{[%clk 0:00:09]} 59. Rxf6 Kxf6 {[%clk 0:00:10]} 60. Kg2 {[%clk 0:00:09]} Kg6
{[%clk 0:00:11]} 61. h4 {[%clk 0:00:11]} gxh4 {[%clk 0:00:12]} 62. gxh4 Kf6 63.
Kg3 {[%clk 0:00:12]} Kg6 {[%clk 0:00:15]} 64. f4 {[%clk 0:00:13]} Kf6
{[%clk 0:00:16]} 65. f5 {[%clk 0:00:14]} Kg7 {[%clk 0:00:17]} 66. Kf4
{[%clk 0:00:15]} Kf6 {[%clk 0:00:18]} 67. h5 {[%clk 0:00:16]} Kg7
{[%clk 0:00:19]} 68. Kg5 {[%clk 0:00:17]} Kh7 {[%clk 0:00:20]} 69. f6
{[%clk 0:00:18]} Kg8 {[%clk 0:00:16]} 70. Be6+ {[%clk 0:00:19]} Kh8
{[%clk 0:00:15]} 71. f7 {[%clk 0:00:19]} Kh7 {[%clk 0:00:15]} 72. Kf6
{[%clk 0:00:17]} Kh6 {[%clk 0:00:14]} 73. f8=Q+ {[%clk 0:00:17]} 1-0

[Event "C10"]
[Site "?"]
[Date "2020.08.30"]
[Round "11.3"]
[White "Wojtacha, Krzysztof"]
[Black "Komendecki, Grzegorz"]
[Result "1-0"]
[BlackElo "1154"]
[WhiteElo "1445"]
[LiveChessVersion "1.4.8"]

1. e4 {[%clk 0:03:03]} c5 {[%clk 0:03:03]} 2. Nf3 {[%clk 0:03:04]} g6
{[%clk 0:03:04]} 3. d4 {[%clk 0:03:04]} cxd4 {[%clk 0:03:05]} 4. Nxd4
{[%clk 0:03:05]} Nf6 {[%clk 0:03:05]} 5. Nc3 {[%clk 0:03:05]} Nc6
{[%clk 0:03:06]} 6. Be3 {[%clk 0:03:02]} Bg7 {[%clk 0:03:06]} 7. f3
{[%clk 0:03:00]} O-O {[%clk 0:03:05]} 8. Bc4 {[%clk 0:03:01]} d5 {[%clk 0:02:49]}
9. exd5 {[%clk 0:02:52]} Na5 {[%clk 0:02:41]} 10. Qe2 {[%clk 0:02:41]} Nxc4
{[%clk 0:01:59]} 11. Qxc4 {[%clk 0:02:41]} a6 {[%clk 0:01:06]} 12. O-O-O
{[%clk 0:02:32]} b5 {[%clk 0:01:06]} 13. Qb3 {[%clk 0:02:26]} Bb7
{[%clk 0:01:01]} 14. Nde2 {[%clk 0:01:42]} Qd7 {[%clk 0:00:39]} 15. Bc5
{[%clk 0:01:32]} Rfe8 {[%clk 0:00:32]} 16. d6 {[%clk 0:01:28]} exd6
{[%clk 0:00:27]} 17. Bxd6 {[%clk 0:01:23]} Qf5 {[%clk 0:00:23]} 18. Bg3
{[%clk 0:01:13]} Rac8 {[%clk 0:00:21]} 19. Nd4 {[%clk 0:00:55]} Qc5
{[%clk 0:00:17]} 20. Bf2 {[%clk 0:00:54]} Qc7 {[%clk 0:00:17]} 21. Rhe1
{[%clk 0:00:54]} Rxe1 {[%clk 0:00:16]} 22. Rxe1 {[%clk 0:00:54]} Qxh2
{[%clk 0:00:15]} 23. Re7 {[%clk 0:00:39]} Qf4+ {[%clk 0:00:14]} 24. Be3
{[%clk 0:00:36]} Qh2 {[%clk 0:00:12]} 25. Qxf7+ {[%clk 0:00:33]} 1-0

[Event "C10"]
[Site "?"]
[Date "2020.08.30"]
[Round "11.4"]
[White "Krawczyk, Eryk"]
[Black "Suska, Szymon"]
[Result "0-1"]
[BlackElo "1325"]
[WhiteElo "1181"]
[LiveChessVersion "1.4.8"]

1. d4 Nf6 2. c4 e6 3. Nc3 Bb4 4. a3 Bxc3+ 5. bxc3 b6 6. Nf3 Bb7 7. e3 Ne4 8. Bd2
f5 9. Bd3 O-O 10. O-O d6 11. d5 exd5 12. cxd5 Bxd5 13. Bxe4 fxe4 14. Nd4 c5 15.
Ne2 Bb7 16. Nf4 Qd7 17. Qb3+ Kh8 18. Ne6 Rf6 19. Nf4 Nc6 20. c4 Raf8 21. Bc3 Rh6
22. Rad1 Qe7 23. Qb2 Rf7 24. Nd5 Qh4 25. h3 Bc8 26. Nf4 Qg5 27. Rd2 Bxh3 28. Nxh3
Rxh3 29. Rd5 Qg6 30. Rfd1 Rh5 31. Rxd6 Qg5 32. R1d5 Qh4 33. Rxh5 Qxh5 34. Rd5 Qh4
35. g3 Qg4 36. Rd2 h6 37. Qb5 Qe6 38. Qb2 Kh7 39. Qc2 g6 40. Re2 Rf5 41. Kf1 Rh5
0-1

[Event "C10"]
[Site "?"]
[Date "2020.08.30"]
[Round "11.6"]
[White "Durzynski, Jan"]
[Black "Grobelny, Mikolaj"]
[Result "0-1"]
[BlackElo "1134"]
[WhiteElo "1237"]
[LiveChessVersion "1.4.8"]

1. d4 {[%clk 0:03:04]} d5 {[%clk 0:03:03]} 2. c4 {[%clk 0:03:04]} e6
{[%clk 0:03:04]} 3. Nc3 {[%clk 0:03:05]} Nf6 {[%clk 0:03:03]} 4. Bg5
{[%clk 0:03:06]} Be7 {[%clk 0:02:57]} 5. cxd5 {[%clk 0:03:06]} Nxd5
{[%clk 0:02:46]} 6. Bxe7 {[%clk 0:03:03]} Qxe7 {[%clk 0:02:36]} 7. Nxd5
{[%clk 0:03:04]} exd5 {[%clk 0:02:37]} 8. e3 {[%clk 0:03:02]} O-O
{[%clk 0:02:11]} 9. Bd3 {[%clk 0:03:03]} Qb4+ {[%clk 0:02:00]} 10. Qd2
{[%clk 0:03:03]} Qxd2+ {[%clk 0:01:59]} 11. Kxd2 {[%clk 0:03:04]} Nd7
{[%clk 0:01:26]} 12. Nf3 {[%clk 0:03:05]} c6 {[%clk 0:01:15]} 13. h4
{[%clk 0:03:03]} Nf6 {[%clk 0:01:07]} 14. Ne5 {[%clk 0:03:00]} Re8
{[%clk 0:00:53]} 15. f3 {[%clk 0:02:49]} Nd7 {[%clk 0:00:42]} 16. Nxd7
{[%clk 0:02:47]} Bxd7 {[%clk 0:00:43]} 17. g4 {[%clk 0:02:47]} Re7
{[%clk 0:00:41]} 18. g5 {[%clk 0:02:42]} Rae8 {[%clk 0:00:41]} 19. Rae1
{[%clk 0:02:42]} b6 {[%clk 0:00:38]} 20. b4 {[%clk 0:02:42]} a5 {[%clk 0:00:31]}
21. bxa5 bxa5 {[%clk 0:00:32]} 22. h5 {[%clk 0:02:34]} Rb8 {[%clk 0:00:27]} 23.
Rb1 {[%clk 0:02:34]} Ree8 {[%clk 0:00:25]} 24. g6 {[%clk 0:02:32]} fxg6
{[%clk 0:00:13]} 25. hxg6 {[%clk 0:02:34]} h6 {[%clk 0:00:14]} 26. f4
{[%clk 0:02:29]} Rf8 {[%clk 0:00:15]} 27. Kc3 {[%clk 0:02:11]} Rbe8
{[%clk 0:00:15]} 28. Rhe1 {[%clk 0:02:07]} Bf5 {[%clk 0:00:11]} 29. Bxf5
{[%clk 0:02:07]} Rxf5 {[%clk 0:00:12]} 30. Rb6 {[%clk 0:02:07]} Rf6
{[%clk 0:00:12]} 31. Ra6 {[%clk 0:02:06]} Rxg6 {[%clk 0:00:08]} 32. Rxa5
{[%clk 0:02:07]} h5 {[%clk 0:00:05]} 33. Kd3 {[%clk 0:02:05]} h4 {[%clk 0:00:05]}
34. Rh1 {[%clk 0:02:05]} Rh6 {[%clk 0:00:06]} 35. Rc5 {[%clk 0:02:02]} h3
{[%clk 0:00:05]} 36. Rc2 {[%clk 0:02:03]} Kf7 {[%clk 0:00:04]} 37. Rch2
{[%clk 0:02:03]} Reh8 {[%clk 0:00:05]} 38. Ke2 {[%clk 0:02:04]} Kf6
{[%clk 0:00:06]} 39. Kf3 {[%clk 0:02:05]} Kf5 {[%clk 0:00:06]} 40. a4
{[%clk 0:02:04]} Ra8 {[%clk 0:00:04]} 41. Ra1 {[%clk 0:02:03]} Ra5
{[%clk 0:00:04]} 42. Kg3 {[%clk 0:02:00]} Ke4 {[%clk 0:00:05]} 43. Kf2
{[%clk 0:01:59]} g6 {[%clk 0:00:05]} 44. Ra3 {[%clk 0:01:57]} Ra7
{[%clk 0:00:05]} 45. a5 Ra6 {[%clk 0:00:06]} 46. Ke2 {[%clk 0:01:55]} Kf5
{[%clk 0:00:05]} 47. Kf3 {[%clk 0:01:55]} g5 48. fxg5 {[%clk 0:01:55]} Kxg5
{[%clk 0:00:08]} 49. Ke2 {[%clk 0:01:55]} Kf5 {[%clk 0:00:09]} 50. Kf3
{[%clk 0:01:48]} Kg5 {[%clk 0:00:10]} 51. e4 {[%clk 0:01:48]} dxe4+
{[%clk 0:00:10]} 52. Kxe4 {[%clk 0:01:49]} Kg4 {[%clk 0:00:09]} 53. Ra4
{[%clk 0:01:43]} Kg3 {[%clk 0:00:10]} 54. Rh1 {[%clk 0:01:41]} Kg2
{[%clk 0:00:11]} 55. Raa1 {[%clk 0:01:42]} h2 {[%clk 0:00:10]} 56. Kd3
{[%clk 0:01:42]} Rxa5 {[%clk 0:00:10]} 57. Rxa5 {[%clk 0:01:39]} Kxh1
{[%clk 0:00:11]} 58. Rg5 {[%clk 0:01:40]} Rf6 {[%clk 0:00:09]} 59. Ke2
{[%clk 0:01:39]} Re6+ {[%clk 0:00:09]} 60. Kf2 {[%clk 0:01:38]} Rd6
{[%clk 0:00:09]} 61. Ke3 {[%clk 0:01:39]} Rf6 {[%clk 0:00:08]} 62. Ke2
{[%clk 0:01:40]} Rf4 {[%clk 0:00:09]} 63. Ke3 {[%clk 0:01:37]} Rf1
{[%clk 0:00:09]} 64. Ke2 {[%clk 0:01:37]} Rg1 {[%clk 0:00:10]} 65. Rf5
{[%clk 0:01:33]} Rg4 {[%clk 0:00:09]} 66. Rf2 {[%clk 0:01:29]} Rxd4
{[%clk 0:00:08]} 67. Ke3 {[%clk 0:01:26]} Rd1 {[%clk 0:00:08]} 68. Kf3
{[%clk 0:01:24]} c5 {[%clk 0:00:08]} 69. Kg3 {[%clk 0:01:22]} Rd3+
{[%clk 0:00:08]} 70. Kf4 {[%clk 0:01:24]} c4 {[%clk 0:00:08]} 71. Ke4
{[%clk 0:01:25]} Kg1 {[%clk 0:00:07]} 72. Rxh2 {[%clk 0:01:21]} Kxh2
{[%clk 0:00:08]} 73. Ke5 {[%clk 0:01:22]} c3 {[%clk 0:00:09]} 74. Ke4
{[%clk 0:01:23]} Rd8 {[%clk 0:00:10]} 75. Ke5 {[%clk 0:01:24]} c2
{[%clk 0:00:11]} 76. Ke6 {[%clk 0:01:25]} c1=Q {[%clk 0:00:12]} 77. Ke7
{[%clk 0:01:25]} Qd2 {[%clk 0:00:12]} 78. Kf6 {[%clk 0:01:25]} Qf4+
{[%clk 0:00:11]} 79. Ke7 {[%clk 0:01:25]} Qd6+ {[%clk 0:00:12]} 80. Kf7
{[%clk 0:01:26]} Rf8+ {[%clk 0:00:13]} 81. Kg7 {[%clk 0:01:27]} Qf6+
{[%clk 0:00:15]} 82. Kh7 {[%clk 0:01:28]} Rh8# {[%clk 0:00:16]} 0-1

[Event "C10"]
[Site "?"]
[Date "2020.08.30"]
[Round "11.7"]
[White "Kaszuba, Michal"]
[Black "Sienicki, Oliwier"]
[Result "1-0"]
[BlackElo "1238"]
[WhiteElo "1167"]
[LiveChessVersion "1.4.8"]

1. e4 {[%clk 0:03:02]} c5 {[%clk 0:03:03]} 2. f4 {[%clk 0:03:03]} Nc6
{[%clk 0:03:04]} 3. Nf3 {[%clk 0:03:05]} g6 {[%clk 0:03:04]} 4. d3 Bg7
{[%clk 0:03:04]} 5. c3 {[%clk 0:03:06]} e6 {[%clk 0:03:04]} 6. Be2
{[%clk 0:03:07]} Nge7 {[%clk 0:03:05]} 7. O-O {[%clk 0:03:08]} O-O
{[%clk 0:03:04]} 8. Qe1 {[%clk 0:03:07]} d5 {[%clk 0:03:05]} 9. e5
{[%clk 0:03:08]} d4 {[%clk 0:03:03]} 10. c4 {[%clk 0:03:09]} Nf5 {[%clk 0:03:02]}
11. a3 {[%clk 0:02:54]} a5 {[%clk 0:02:33]} 12. Kh1 {[%clk 0:02:42]} a4
{[%clk 0:02:32]} 13. Rg1 {[%clk 0:02:36]} Na5 {[%clk 0:02:19]} 14. Bd1
{[%clk 0:02:30]} Nb3 {[%clk 0:02:04]} 15. Bxb3 {[%clk 0:02:28]} axb3
{[%clk 0:02:04]} 16. g4 {[%clk 0:01:36]} Nh6 {[%clk 0:01:59]} 17. Nbd2
{[%clk 0:01:29]} b5 {[%clk 0:01:40]} 18. cxb5 {[%clk 0:01:05]} Bb7
{[%clk 0:01:40]} 19. Ne4 {[%clk 0:01:05]} Ra5 {[%clk 0:01:08]} 20. Rg3
{[%clk 0:00:55]} Rxb5 {[%clk 0:00:38]} 21. Nd6 {[%clk 0:00:47]} Bxf3+
{[%clk 0:00:35]} 22. Rxf3 {[%clk 0:00:47]} Qa8 {[%clk 0:00:31]} 23. Kg2
{[%clk 0:00:35]} Rb6 {[%clk 0:00:32]} 24. Nc4 {[%clk 0:00:35]} Ra6
{[%clk 0:00:30]} 25. Kg3 {[%clk 0:00:33]} f5 {[%clk 0:00:28]} 26. g5
{[%clk 0:00:30]} Nf7 27. Bd2 {[%clk 0:00:25]} h6 {[%clk 0:00:29]} 28. h4
{[%clk 0:00:25]} h5 {[%clk 0:00:30]} 29. Qf2 {[%clk 0:00:19]} Nd8
{[%clk 0:00:31]} 30. Nd6 {[%clk 0:00:17]} Nb7 {[%clk 0:00:32]} 31. Nxb7
{[%clk 0:00:17]} Qxb7 {[%clk 0:00:33]} 32. Rc1 {[%clk 0:00:17]} Qc6
{[%clk 0:00:33]} 33. Bb4 {[%clk 0:00:16]} Rc8 {[%clk 0:00:33]} 34. Rxc5
{[%clk 0:00:16]} Qd7 {[%clk 0:00:33]} 35. Rxc8+ {[%clk 0:00:17]} Qxc8
{[%clk 0:00:34]} 36. Qd2 {[%clk 0:00:17]} Rc6 {[%clk 0:00:32]} 37. Rf1
{[%clk 0:00:11]} Rc2 {[%clk 0:00:34]} 38. Qd1 {[%clk 0:00:11]} Qb7
{[%clk 0:00:34]} 39. Rf2 {[%clk 0:00:07]} Rc8 {[%clk 0:00:31]} 40. Qxb3
{[%clk 0:00:06]} Rc6 {[%clk 0:00:24]} 41. Rc2 {[%clk 0:00:08]} Rxc2
{[%clk 0:00:15]} 42. Qxc2 {[%clk 0:00:09]} Qh1 {[%clk 0:00:15]} 43. Qg2
{[%clk 0:00:09]} Qb1 {[%clk 0:00:15]} 44. Qd2 {[%clk 0:00:10]} Qg1+
{[%clk 0:00:15]} 45. Qg2 Qe3+ {[%clk 0:00:14]} 46. Qf3 {[%clk 0:00:10]} Qg1+
{[%clk 0:00:14]} 47. Qg2 {[%clk 0:00:12]} Qc1 {[%clk 0:00:14]} 48. Bd2
{[%clk 0:00:08]} Qc2 {[%clk 0:00:15]} 49. a4 {[%clk 0:00:07]} Qxb2
{[%clk 0:00:14]} 50. a5 {[%clk 0:00:08]} Qa2 {[%clk 0:00:15]} 51. Qe2
{[%clk 0:00:08]} Bf8 {[%clk 0:00:13]} 52. Qg2 {[%clk 0:00:08]} Bg7
{[%clk 0:00:09]} 53. Qa8+ {[%clk 0:00:09]} Kh7 {[%clk 0:00:09]} 54. Bb4
{[%clk 0:00:09]} Qe2 55. Qf3 Qe3 56. Qxe3 dxe3 57. Kf3 Bf8 58. Bxf8 1-0

[Event "C10"]
[Site "?"]
[Date "2020.08.30"]
[Round "11.8"]
[White "Futyma, Dawid"]
[Black "Jasiulewicz, Kamil"]
[Result "0-1"]
[BlackElo "1381"]
[WhiteElo "1077"]
[LiveChessVersion "1.4.8"]

1. Nf3 {[%clk 0:03:04]} d5 {[%clk 0:03:03]} 2. e3 {[%clk 0:03:05]} Nf6
{[%clk 0:03:03]} 3. b3 {[%clk 0:03:05]} e6 {[%clk 0:03:04]} 4. Bb2
{[%clk 0:03:06]} Be7 {[%clk 0:03:04]} 5. Ne5 {[%clk 0:03:06]} Nbd7
{[%clk 0:03:04]} 6. f4 {[%clk 0:03:04]} O-O {[%clk 0:03:01]} 7. Be2
{[%clk 0:03:01]} b6 {[%clk 0:03:02]} 8. O-O {[%clk 0:02:46]} Bb7 {[%clk 0:03:03]}
9. Bf3 {[%clk 0:02:40]} Ne4 {[%clk 0:03:03]} 10. d3 {[%clk 0:02:27]} Nd6
{[%clk 0:02:58]} 11. Nd2 {[%clk 0:02:21]} f5 {[%clk 0:02:59]} 12. Be2
{[%clk 0:02:02]} c5 {[%clk 0:02:57]} 13. Ndf3 {[%clk 0:01:53]} Qc7
{[%clk 0:02:48]} 14. Nxd7 {[%clk 0:01:51]} Qxd7 {[%clk 0:02:47]} 15. Ne5
{[%clk 0:01:50]} Qc7 {[%clk 0:02:47]} 16. Rf3 {[%clk 0:01:31]} Bf6
{[%clk 0:02:36]} 17. Rg3 {[%clk 0:01:18]} Nf7 {[%clk 0:02:35]} 18. d4
{[%clk 0:00:56]} Nd6 {[%clk 0:02:24]} 19. Rf3 {[%clk 0:00:46]} Ne4
{[%clk 0:02:23]} 20. Rc1 {[%clk 0:00:44]} Bxe5 {[%clk 0:02:13]} 21. fxe5
{[%clk 0:00:41]} Qe7 {[%clk 0:02:05]} 22. Ba3 {[%clk 0:00:41]} Rac8
{[%clk 0:02:03]} 23. c4 {[%clk 0:00:37]} Qg5 {[%clk 0:01:52]} 24. cxd5 Bxd5
{[%clk 0:01:50]} 25. dxc5 {[%clk 0:00:26]} bxc5 {[%clk 0:01:43]} 26. Bd3
{[%clk 0:00:23]} f4 {[%clk 0:01:36]} 27. Bxe4 {[%clk 0:00:16]} Bxe4
{[%clk 0:01:37]} 28. exf4 {[%clk 0:00:11]} Bxf3 {[%clk 0:01:29]} 29. fxg5
{[%clk 0:00:09]} Bxd1 {[%clk 0:01:29]} 30. Rxd1 {[%clk 0:00:08]} Rf5
{[%clk 0:01:30]} 31. Rd7 {[%clk 0:00:07]} Rxe5 {[%clk 0:01:29]} 32. Rxa7
{[%clk 0:00:06]} Rf8 {[%clk 0:01:25]} 33. h3 {[%clk 0:00:07]} Rxg5
{[%clk 0:01:25]} 34. Rc7 {[%clk 0:00:07]} h6 {[%clk 0:01:21]} 35. Bxc5
{[%clk 0:00:07]} Rf3 {[%clk 0:01:17]} 36. Rc8+ {[%clk 0:00:05]} Kh7
{[%clk 0:01:17]} 37. Kh2 {[%clk 0:00:05]} Rc3 {[%clk 0:01:18]} 38. b4
{[%clk 0:00:05]} e5 {[%clk 0:01:19]} 39. b5 {[%clk 0:00:04]} e4 {[%clk 0:01:20]}
40. b6 Rgxc5 {[%clk 0:01:20]} 41. Rd8 Rb5 42. Re8 Rxb6 43. Rxe4 Ra6 44. a4 0-1

[Event "C10"]
[Site "?"]
[Date "2020.08.30"]
[Round "11.10"]
[White "Hartlinski, Tomasz"]
[Black "Jodlowski, Robert"]
[Result "1-0"]
[BlackElo "1269"]
[WhiteElo "1124"]
[LiveChessVersion "1.4.8"]

1. e4 {[%clk 0:03:03]} e6 {[%clk 0:03:04]} 2. d4 {[%clk 0:03:05]} d6
{[%clk 0:03:05]} 3. Nf3 {[%clk 0:03:03]} Be7 {[%clk 0:03:06]} 4. Nc3 a6 5. Be3
{[%clk 0:03:04]} Nd7 {[%clk 0:03:08]} 6. Bd3 {[%clk 0:03:05]} b5 {[%clk 0:03:07]}
7. O-O {[%clk 0:03:04]} c5 {[%clk 0:03:08]} 8. d5 {[%clk 0:03:03]} e5
{[%clk 0:03:09]} 9. a3 {[%clk 0:02:59]} c4 {[%clk 0:03:08]} 10. Be2
{[%clk 0:03:00]} Bb7 {[%clk 0:03:09]} 11. a4 {[%clk 0:02:25]} b4 {[%clk 0:02:53]}
12. Na2 {[%clk 0:02:26]} b3 {[%clk 0:02:40]} 13. cxb3 {[%clk 0:02:25]} cxb3
{[%clk 0:02:41]} 14. Qxb3 {[%clk 0:02:25]} Rb8 {[%clk 0:02:42]} 15. Qd1
{[%clk 0:02:19]} Ngf6 {[%clk 0:02:42]} 16. Nb4 {[%clk 0:02:16]} Nxe4
{[%clk 0:02:40]} 17. Nxa6 {[%clk 0:02:11]} Bxa6 {[%clk 0:02:37]} 18. Bxa6
{[%clk 0:02:12]} Rxb2 {[%clk 0:02:37]} 19. Bb5 {[%clk 0:02:04]} Nc3
{[%clk 0:02:26]} 20. Bxd7+ {[%clk 0:01:50]} Qxd7 {[%clk 0:02:24]} 21. Qe1
{[%clk 0:01:44]} Nxa4 {[%clk 0:02:24]} 22. Qa5 {[%clk 0:01:38]} Nb6
{[%clk 0:02:08]} 23. Bxb6 {[%clk 0:01:35]} O-O {[%clk 0:02:06]} 24. Be3
{[%clk 0:01:17]} f5 {[%clk 0:01:48]} 25. Qa7 {[%clk 0:01:12]} Qe8
{[%clk 0:01:41]} 26. Qa3 {[%clk 0:01:06]} Rb7 {[%clk 0:01:35]} 27. Rfb1
{[%clk 0:01:06]} Rc7 {[%clk 0:01:24]} 28. Qa5 {[%clk 0:00:57]} Bd8
{[%clk 0:01:21]} 29. Qa3 {[%clk 0:00:47]} Qg6 {[%clk 0:01:17]} 30. Rc1
{[%clk 0:00:32]} Rd7 {[%clk 0:01:12]} 31. Qc3 {[%clk 0:00:25]} Rdf7
{[%clk 0:01:10]} 32. Qe1 {[%clk 0:00:18]} f4 {[%clk 0:01:05]} 33. Ba7
{[%clk 0:00:15]} Qh5 34. Qe2 {[%clk 0:00:13]} Rf6 {[%clk 0:00:58]} 35. Nd4
{[%clk 0:00:12]} Qh6 {[%clk 0:00:46]} 36. Ne6 {[%clk 0:00:13]} Re8
{[%clk 0:00:41]} 37. Rc8 {[%clk 0:00:11]} Rfxe6 {[%clk 0:00:34]} 38. dxe6
{[%clk 0:00:12]} Qxe6 {[%clk 0:00:33]} 39. Qa2 {[%clk 0:00:13]} d5
{[%clk 0:00:32]} 40. Rcc1 {[%clk 0:00:11]} Qg6 {[%clk 0:00:26]} 41. Qxd5+
{[%clk 0:00:10]} Kh8 {[%clk 0:00:22]} 42. Rc8 {[%clk 0:00:59]} Qf6
{[%clk 0:00:20]} 43. Rd1 {[%clk 0:00:56]} h6 {[%clk 0:00:06]} 44. Rxd8
{[%clk 0:00:57]} Rxd8 {[%clk 0:00:04]} 45. Qxd8+ {[%clk 0:00:58]} Qxd8
{[%clk 0:00:05]} 46. Rxd8+ {[%clk 0:00:58]} Kh7 {[%clk 0:00:06]} 47. Re8
{[%clk 0:00:59]} Kg6 {[%clk 0:00:06]} 48. Rxe5 Kf6 49. Re1 {[%clk 0:01:00]} Kf5
{[%clk 0:00:09]} 50. Bd4 {[%clk 0:01:01]} g5 {[%clk 0:00:10]} 51. f3
{[%clk 0:00:55]} h5 {[%clk 0:00:11]} 52. h3 {[%clk 0:00:54]} Kg6 {[%clk 0:00:05]}
53. Re6+ {[%clk 0:00:53]} Kf5 {[%clk 0:00:05]} 54. Rf6# {[%clk 0:00:54]} 1-0

[Event "C10"]
[Site "?"]
[Date "2020.08.30"]
[Round "12.1"]
[White "Suska, Szymon"]
[Black "Lecki, Leonard"]
[Result "1-0"]
[BlackElo "1068"]
[WhiteElo "1325"]
[LiveChessVersion "1.4.8"]

1. e4 {[%clk 0:03:03]} e6 {[%clk 0:03:04]} 2. d4 {[%clk 0:03:05]} d5
{[%clk 0:03:05]} 3. e5 {[%clk 0:03:06]} c5 {[%clk 0:03:05]} 4. c3
{[%clk 0:03:07]} Nc6 {[%clk 0:03:05]} 5. Nf3 {[%clk 0:03:08]} Qb6
{[%clk 0:03:06]} 6. a3 {[%clk 0:03:09]} c4 {[%clk 0:03:07]} 7. Be2
{[%clk 0:03:08]} Na5 {[%clk 0:03:06]} 8. Nbd2 {[%clk 0:03:09]} Bd7
{[%clk 0:03:07]} 9. O-O {[%clk 0:03:09]} Rc8 {[%clk 0:03:02]} 10. Re1
{[%clk 0:03:09]} Rc6 {[%clk 0:03:02]} 11. Rb1 {[%clk 0:03:08]} Qa6
{[%clk 0:02:50]} 12. b3 {[%clk 0:03:04]} cxb3 {[%clk 0:02:51]} 13. Bxa6
{[%clk 0:03:05]} bxa6 {[%clk 0:02:45]} 14. Nxb3 {[%clk 0:03:06]} Nxb3
{[%clk 0:02:42]} 15. Qxb3 {[%clk 0:03:07]} Ne7 {[%clk 0:02:40]} 16. Qb8+
{[%clk 0:03:04]} Rc8 {[%clk 0:02:41]} 17. Qxa7 {[%clk 0:03:04]} Nc6
{[%clk 0:02:42]} 18. Qxa6 {[%clk 0:03:03]} Be7 {[%clk 0:02:42]} 19. Bg5
{[%clk 0:02:58]} O-O {[%clk 0:02:41]} 20. Bxe7 {[%clk 0:02:58]} Nxe7
{[%clk 0:02:40]} 21. Qd3 {[%clk 0:02:59]} Ra8 {[%clk 0:02:40]} 22. Ra1
{[%clk 0:02:57]} Nc6 {[%clk 0:02:36]} 23. Reb1 {[%clk 0:02:54]} Na5
{[%clk 0:02:37]} 24. h3 {[%clk 0:02:46]} Nc4 {[%clk 0:02:37]} 25. Nd2
{[%clk 0:02:47]} Rfc8 {[%clk 0:02:36]} 26. Nxc4 {[%clk 0:02:46]} Rxc4
{[%clk 0:02:36]} 27. Rb3 {[%clk 0:02:41]} Ba4 {[%clk 0:02:36]} 28. Rb4
{[%clk 0:02:42]} Rac8 {[%clk 0:02:35]} 29. Rxc4 {[%clk 0:02:41]} Rxc4
{[%clk 0:02:36]} 30. Rb1 {[%clk 0:02:38]} g6 {[%clk 0:02:36]} 31. Rb4
{[%clk 0:02:39]} Kg7 32. Rxc4 {[%clk 0:02:39]} Bb5 {[%clk 0:02:33]} 33. a4
{[%clk 0:02:35]} Bxc4 {[%clk 0:02:33]} 34. Qb1 {[%clk 0:02:34]} Kh6
{[%clk 0:02:34]} 35. a5 {[%clk 0:02:35]} Kg5 {[%clk 0:02:34]} 36. Qb6
{[%clk 0:02:33]} Kf4 {[%clk 0:02:34]} 37. a6 {[%clk 0:02:34]} Bxa6
{[%clk 0:02:34]} 38. Qxa6 {[%clk 0:02:34]} Ke4 {[%clk 0:02:35]} 39. Qe2+
{[%clk 0:02:33]} Kf5 {[%clk 0:02:33]} 40. Qg4# {[%clk 0:02:33]} 1-0